Les Simpson - Couleurs (1) - Statistiques

Statistiques générales
  • Ce quiz a été pris 204 fois
  • Le résultat moyen est 7 sur 10
Statistiques - réponses
Question Réponse % Correct
De quelle couleur sont les déchets radioactifs de la centrale nucléaire ? verts
100%
De quelle couleur sont les cheveux du chef Wiggum ? bleus
97%
De quelle couleur est la tétine de Maggie ? rouge
94%
De quelle couleur est le pyjama de Bart ? vert
83%
De quelle couleur est la casquette porte bonheur de Bart ? rouge
81%
De quelle couleur est le collier de perles de Marge ? rouge
69%
De quelle couleur est la cravate du superintendent Chalmers ? rouge
61%
De quelle couleur sont les chaussures de Milhouse ? rouges
50%
De quelle couleur est la boîte aux lettres des Simpson ? bleue
47%
De quelle couleur était le pantalon d'Homer lors de la Saint Patrick ? bleu
11%
Aucun quiz correspondant
Distribution des résultats
% des personnes avec chaque résultat
Percentile par nombre de réponses
Votre historique - résultats
Vous n’avez pas pris ce quiz